Flagi wybranych Państw A-Z #2 - Statystyki

Ogólne statystyki
  • Ten quiz został rozwiązany 95 razy
  • Średni wynik to 7 z 8
Statystyki odpowiedzi
Obrazkowy Odpowiedź % Poprawnych
Portugalia
99%
Szwajcaria
99%
Turcja
99%
Rosja
98%
Włochy
98%
Urugwaj
91%
Zimbabwe
59%
Vanuatu
46%
Nie znaleziono quizów pasujących do podanych kryteriów
Rozkład punktacji
Procent ludzi z każdym wynikiem
Percentyl według liczby udzielonych odpowiedzi
Twoja historia wyników
Nie rozwiązałeś tego quizu